书目信息 |
| 题名: |
氨水
|
|
| 作者: | 化工部 编 | |
| 分册: | ||
| 出版信息: | 北京 技术标准出版社 1982.8 |
|
| 页数: | 4页 | |
| 开本: | 大16 | |
| 丛书名: | ||
| 单 册: | ||
| 中图分类: | T-652.2 | |
| 科图分类: | ||
| 主题词: | 工业技术--规程 , 工业技术--标准 | |
| 电子资源: | ||
| ISBN: | ||
| 000 | 00549nam0 2200205 45 | |
| 001 | 0312221749 | |
| 005 | 20031222170906.7 | |
| 010 | @dCNY0.14 | |
| 100 | @a20031222d1982 km y0chiy0120 ea | |
| 101 | @achi | |
| 105 | @a z 000yy | |
| 200 | 1 | @a氨水@AAn Shui@f化工部编@FHua Gong Bu Bian@e化工部标准 |
| 210 | @a北京@c技术标准出版社@d1982.8 | |
| 215 | @a4页@d大16 | |
| 606 | 0 | @a工业技术@x规程 |
| 606 | 0 | @a工业技术@x标准 |
| 690 | @aT-652.2@v3 | |
| 701 | 0 | @a化工部@4编 |
| 801 | @aCN@bTSTCL@c20031222 | |
| 905 | @a213230@dT-652.2@e66@b203676-677@f2 | |
| 氨水/化工部编:化工部标准.-北京:技术标准出版社,1982.8 |
| 4页;大16 |
| ISBN :CNY0.14 |
| ● |
| 相关链接 |
|
|
|
|
正题名:氨水
索取号:T-652.2/66
 
预约/预借
| 序号 | 登录号 | 条形码 | 馆藏地/架位号 | 状态 | 备注 |
| 1 | 0203676 | 000864461 | 密集书库/ [索取号:T-652.2/66] | 在馆 | |
| 2 | 0203677 | 000719084 | 密集书库/ [索取号:T-652.2/66] | 在馆 |